| 000 | 00898nam a2200289Ia 4500 | ||
|---|---|---|---|
| 001 | Z_2163 | ||
| 003 | CHAP | ||
| 008 | 220113s1995 xx 000 0 und d | ||
| 010 | _a165219 | ||
| 040 | _cCHAP | ||
| 090 | _aTesis T 1002 | ||
| 100 |
_aTapia Domínguez, Elías _9111626 |
||
| 245 |
_aEstimación de parámetros genéticos de características reproductivas en un hato Holstein / _cpor Elías Tapia Domínguez |
||
| 260 |
_aChapingo, Méx. : _bEl autor, _c1995 |
||
| 300 | _a45 h | ||
| 502 | _aTesis (Ing. Agr. Esp. en Zootecnia) -- UACH. Departamento de Zootecnia | ||
| 650 |
_aGanado Holstein _945133 |
||
| 650 |
_aGanado vacuno _xEfecto del medio ambiente _945459 |
||
| 650 |
_aGanado vacuno _xGenética _945470 |
||
| 650 |
_aGanado vacuno _xReproducción _945510 |
||
| 901 | _aTESIS T 1002 | ||
| 902 | _aM | ||
| 910 | _a1995 | ||
| 942 | _c2 | ||
| 942 | _c2 | ||
| 999 |
_c165219 _d165219 |
||